000 00339nam a22001337a 4500
020 _qPB.
040 _cFIZZA ISHAQ
082 _a511.322
_bJAC
100 _aJACOB,T.SCHWARTZ.
_991228
245 _aCOMPUTATIONAL LOGIC AND SET THEORY /
_cJACOB T.SCHWARTZ.
260 _aLONDON ;
_bSPRINGER,
_c2011.
300 _a416 P. ;
942 _2ddc
_cBK
999 _c589406
_d589406